| 000 | 01292cam a2200325 a 4500 | ||
|---|---|---|---|
| 999 |
_c233518 _d233518 |
||
| 001 | 13202645 | ||
| 003 | Nust | ||
| 005 | 20170308132437.0 | ||
| 008 | 030509s1998 enk g 000 d eng | ||
| 010 | _a 2003447713 | ||
| 020 | _a0571193846 (pbk.) | ||
| 035 | _a(UkLWHE)e000605665 | ||
| 040 |
_aDLC _cDLC _dDLC |
||
| 050 | 0 | 0 |
_aPR6066.I53 _bA6 1998 |
| 082 | 0 | 0 |
_a822.914 PIN _222 |
| 100 | 1 |
_aPinter, Harold, _d1930-2008. |
|
| 240 | 1 | 0 |
_aPlays. _kSelections |
| 245 | 1 | 0 |
_aPlays four / _cHarold Pinter. |
| 246 | 3 | _aPlays 4 | |
| 246 | 1 | 4 | _aHarold Pinter--plays 4 |
| 246 | 1 | 8 | _aHarold Pinter--plays |
| 250 | _aExpanded ed. | ||
| 260 |
_aLondon : _bFaber and Faber, _c1998. |
||
| 300 |
_axii, 433 p. ; _c20 cm. |
||
| 490 | 1 | _aContemporary classics | |
| 505 | 0 | _aBetrayal -- Monologue -- Family voices -- A kind of Alaska -- Victoria station -- Precisely -- One for the road -- Mountain language -- The new world order -- Party time -- Moonlight -- Ashes to ashes. | |
| 830 | 0 | _aContemporary classics (London, England) | |
| 906 |
_a7 _bcbc _corigres _d3 _encip _f20 _gy-gencatlg |
||
| 942 |
_2ddc _cBK |
||